Library Logo

Pioneer International University Library Catalogue

ALGEBRA 1 (Record no. 9966)

MARC details
000 -LEADER
fixed length control field 00541nam a22001697a 4500
003 - CONTROL NUMBER IDENTIFIER
control field OSt
005 - DATE AND TIME OF LATEST TRANSACTION
control field 20260213080853.0
008 - FIXED-LENGTH DATA ELEMENTS--GENERAL INFORMATION
fixed length control field 260213b |||||||| |||| 00| 0 eng d
020 ## - INTERNATIONAL STANDARD BOOK NUMBER
International Standard Book Number 9780544353879
040 ## - CATALOGING SOURCE
Transcribing agency Houghton Mifflin Harcourt
050 ## - LIBRARY OF CONGRESS CALL NUMBER
Classification number QA 152 .L37 2016
Item number .L37 2016
245 ## - TITLE STATEMENT
Title ALGEBRA 1
Statement of responsibility, etc. TIMOTHY D. KANOLD
Medium vol 2.
250 ## - EDITION STATEMENT
Edition statement 1st edition
260 ## - PUBLICATION, DISTRIBUTION, ETC.
Place of publication, distribution, etc. Texas:
Name of publisher, distributor, etc. Houghton Mifflin Harcourt,
Date of publication, distribution, etc. 2016.
300 ## - PHYSICAL DESCRIPTION
Extent 1043 pages,
Other physical details hardcover, ill.: col, includes bibliographic references and index,
Dimensions 27.5 cm.
942 ## - ADDED ENTRY ELEMENTS (KOHA)
Source of classification or shelving scheme Library of Congress Classification
Koha item type Books
Suppress in OPAC No
Holdings
Withdrawn status Lost status Source of classification or shelving scheme Damaged status Not for loan Home library Current library Date acquired Total checkouts Full call number Barcode Date last seen Price effective from Koha item type
    Library of Congress Classification     PIU Library Main Library 02/13/2026   QA 152 .L37 2016 PIUDL949 02/13/2026 02/13/2026 Books